| 000 | 00859cab a2200253 4500 | ||
|---|---|---|---|
| 001 | X90207 | ||
| 008 | 090401t1998 xxu||||| |||| 00| 0 eng d | ||
| 035 | _a(Sirsi) u84661 | ||
| 041 | _aeng | ||
| 245 | _aEuropean chartered surveyors to debate EMU | ||
| 260 | _c1998 | ||
| 350 | _a0 | ||
| 490 |
_aRICS Press Release _vpr19.com 27 February 1998, (2) |
||
| 520 | _aThe impact of currency union on European commercial property is to be debated at a conference in Brussels by the European Society of Chartered Surveyors. | ||
| 650 | _aPROPERTY-COMMERCIAL PROPERTY-COMMERCIAL PROPERTY MARKET | ||
| 650 | _aCROSS-BORDER INVESTMENT | ||
| 650 | _aEMU | ||
| 650 | _aEUROPEAN MONETARY UNION | ||
| 650 | _aEUROPEAN SOCIETY OF CHARTERED SURVEYORS | ||
| 650 | _aPROPERTY INVESTMENT | ||
| 690 | _aEUROPE-SINGLE MARKET | ||
| 942 | _n0 | ||
| 948 | _c04/03/1998 | ||
| 999 |
_c53228 _d53228 |
||